LEADER 02432nam 2200385 450 001 9910688445803321 005 20230702142713.0 010 $a3-03897-034-4 035 $a(CKB)5400000000000290 035 $a(NjHacI)995400000000000290 035 $a(EXLCZ)995400000000000290 100 $a20230702d2018 uy 0 101 0 $aeng 135 $aur||||||||||| 181 $ctxt$2rdacontent 182 $cc$2rdamedia 183 $acr$2rdacarrier 200 00$aAdvance of Polymers Applied to Biomedical Applications $eCell Scaffolds /$fedited by Insung S. Choi, Joao F. Mano 210 1$aBasel :$cMDPI - Multidisciplinary Digital Publishing Institute,$d2018. 215 $a1 online resource (406 pages) 330 $aSince Langer's seminal work, polymers have been on every corner of tissue engineering. The roles of bioresorbable polymers, as a scaffold, are not merely structural, providing three-dimensional (3D) homing sites to cells, but also functional at their interface with the cells. The polymeric scaffolds actively act as both biochemical and physical cues for cell behaviors, such as adhesion, growth, proliferation, and differentiation. Polymers and cells could interact further with each other mutually, sensing and responding to the signals from the partner. Technological advances in this direction, including chemical modification of polymer scaffolds, highly cytocompatible hybrid materials/composites, dynamic scaffolds, control of juxtacrine interactions, and 3D bioprinting and microfluidic devices, ensure the advances in polymers as cell scaffolds. The detection and characterization methods for cell-material interactions and cell behaviors have been greatly improved, and new characterization techniques have emerged. Recent years have witnessed a quantum leap of progress in tissue engineering and regenerative medicine, and this edited book illustrates some of the advances in polymers as cell scaffolds. 517 $aAdvance of Polymers Applied to Biomedical Applications 606 $aPolymers in medicine 606 $aTissue engineering 615 0$aPolymers in medicine. 615 0$aTissue engineering. 676 $a610.284 702 $aChoi$b Insung S. 702 $aMano$b Joao F. 801 0$bNjHacI 801 1$bNjHacl 906 $aBOOK 912 $a9910688445803321 996 $aAdvance of Polymers Applied to Biomedical Applications$93085778 997 $aUNINA LEADER 01688nam 22004333a 450 001 9910753380203321 005 20240220211704.0 010 $a9781803272122 010 $a1803272120 035 $a(CKB)5590000001027217 035 $a(BIP)087526541 035 $a(BIP)087526531 035 $a(ScCtBLL)13d57c06-f009-4437-b7c1-a10bae0c32a9 035 $a(EXLCZ)995590000001027217 100 $a20231108i20232023 uu 101 0 $aeng 135 $auru|||||||||| 181 $ctxt$2rdacontent 182 $cc$2rdamedia 183 $acr$2rdacarrier 200 04$aThe Excavations at Khirbet el-Maqatir: 1995-2001 and 2009-2016$eVolume 2: The Late Hellenistic, Early Roman, and Byzantine Periods /$fScott Stripling, Mark A. Hassler 210 1$a[s.l.] :$cArchaeopress Publishing Ltd,$d2023. 215 $c1 online resource 311 08$a9781803272115 311 08$a1803272112 330 $aKhirbet el-Maqatir lies 16 km north of Jerusalem. The Associates for Biblical Research excavated 14 summer seasons and 5 winter seasons between 1995 and 2016. The remains range from Middle Bronze Age to Early Islamic and include a Bronze Age fortress, a Late Hellenistic/Early Roman village, and a Byzantine ecclesiastical complex. Volume 2 focuses on the later time periods. 606 $aArchaeology 606 $aSocial sciences 615 0$aArchaeology. 615 0$aSocial sciences. 676 $a933.4 700 $aStripling$b Scott$01436364 702 $aHassler$b Mark A. 801 0$bScCtBLL 801 1$bScCtBLL 906 $aBOOK 912 $a9910753380203321 996 $aThe Excavations at Khirbet el-Maqatir: 1995-2001 and 2009-2016$93873530 997 $aUNINA